00719nam a2200181 a 450000100060000000300090000600800410001502000150005604000280007108200180009910000800011724500660019726000400026330000110030350501850031465000230049965000150052215191CO-ViMGA141112s2004 ck r 000 u spa d a8448602927 aCO-ViMGAbspacCO-ViMGA04a574.192 L691b1 aLozano Teruel, J.A.; Galindo Cascales, J.D.; Garcia - Borron Martinez, J.C.10aBioquímica y Biología molecular para ciencias de la salud aMadríd (E), cMcGraw Hill, c2001 a522.p. aEstructura y metabolismo Biomoleculas Metabolismo energetico Biología y patología molecular Genética Genoma, patología molecular y terapia genica Aplicaciones Bioquímicas14aBIOLOGIA MOLECULAR14aBIOQUIMICA